Bahaya undang-undang manusia

Bibliographic Details
Main Author: Asy-Syahid Syeikh Abdullah Azam
Format: Book
Published: Kuala Lumpur : Pustaka Syuhada , 1996
Subjects:

MARC

LEADER 00000cam a2200000 7i4500
001 0000010703
005 20050418.0
020 |a 9839062476 
040 |a INS 
090 0 0 |a TH375 1996 
100 1 |a Asy-Syahid Syeikh Abdullah Azam 
245 1 0 |a Bahaya undang-undang manusia   |c Asy-Syahid Syeikh Abdullah Azam 
260 |a Kuala Lumpur :   |b Pustaka Syuhada ,   |c 1996 
300 |a 128p ;   |c 21cm. 
650 0 0 |a Islamic law 
999 |a 0000009882   |b BOOK   |c Open Shelf   |e Default branch